000 00419nam a22001337a 4500
008 160311b xxu||||| |||| 00| 0 eng d
020 _a0199742783
100 _aSteven G.Laitz
245 _aThe Complete Musician
_bAn intergrated approach to tonal theory,analysis,and listening
250 _a3rd edition
260 _aNew York
_bOxford university
_c2012
300 _axx,875p
_bill
942 _2lcc
_cRES
_kMT 6.L136C66 2012
999 _c15738
_d15738